Experiencias en el uso y aplicación de tecnologías satelitales para observación de la tierra / (Registro nro. 8514)

Detalles MARC
000 -CABECERA
Campo de control 01028nam a22002537a 4500
005 - FECHA Y HORA DE LA ULTIMA TRANSACCION
Campo de control 20140704124653.0
008 - ELEMENTOS DE LONGITUD FIJA—INFORMACION GENERAL
Campo de control 111015s2010 ck gr 00010 spa d
020 ## - ISBN
ISBN 9789588067254
041 0# - IDIOMA
Código de idioma para texto/pista de sonido o título separado Español
044 ## - PAÍS DE PUBLICACIÓN
País de publicación Colombia
082 04 - NUMERO DE CLASIFICACION DECIMAL DEWEY
Número de clasificación 551.6354
Número del ítem I193e
110 2# - ASIENTO PRINCIPAL--NOMBRE CORPORATIVO
Nombre corporativo o de jurisdicción como elemento de entrada Instituto de Hidrología, Meteorología y Estudios Ambientales.
245 00 - MENCION DE TITULO
Título Experiencias en el uso y aplicación de tecnologías satelitales para observación de la tierra /
Mención de responsabilidad Editado por Vicky Guerrero Barrios, Vivian Farley Garzón Vargas, Jhon Jairo Carmona Cuervo.
260 ## - PUBLICACION, DISTRIBUCION, ETC. (PIE DE IMPRENTA)
Lugar de publicación, distribución, etc. Bogotá
Nombre del editor, distribuidor, etc. IDEAM
Fecha de publicación, distribución, etc. 2010
300 ## - DESCRIPCION FISICA
Extensión 114 p.
Otros detalles físicos il, mapas
Dimensiones 28 cm.
504 ## - NOTA DE BIBLIOGRAFIA, ETC.
Nota de bibliografía Incluye bibliografías.
650 ## - ASIENTO SECUNDARIO DE MATERIA - TERMINO TEMATICO
Término temático o nombre geográfico como elemento de entrada Satélites artificiales en meteorología.
650 ## - ASIENTO SECUNDARIO DE MATERIA - TERMINO TEMATICO
Término temático o nombre geográfico como elemento de entrada Astronáutica en meteorología.
650 ## - ASIENTO SECUNDARIO DE MATERIA - TERMINO TEMATICO
Término temático o nombre geográfico como elemento de entrada Obesrvación de la tierra
Subdivisión general aplicaciones
700 1# - ASIENTO SECUNDARIO - NOMBRE PERSONAL
Nombre personal Guerrero-Barrios, Vicky,
Término de relación ed.
700 1# - ASIENTO SECUNDARIO - NOMBRE PERSONAL
Nombre personal Garzón-Vargas, Vivian Farley,
Término de relación ed.
700 1# - ASIENTO SECUNDARIO - NOMBRE PERSONAL
Nombre personal Carmona-Cuervo, Jhon Jairo.
942 ## - ELEMENTOS ADICIONALES (KOHA)
Sistema de clasificación Dewey Decimal Classification
Tipo de ítem Impreso
Existencias
Withdrawn status Lost status Sistema de Clasificación Damaged status No para préstamo Colección Inventariado Ubicación Permanente Ubicación actual Fecha de adquisición Fuente de Valor Valor Total Checkouts Número topográfico Inventario / Código de Barras Date last seen Ejemplar Price effective from Forma de adquisición Tipo de material
    Dewey Decimal Classification     General Inventariado 2017 Bogotá Bogotá 04/07/2014 Instituto 39000.00   LB-551.6354 I193e 028794 04/07/2014 Ej. 1 04/07/2014 Canje Libro
    Dewey Decimal Classification     General Inventariado 2017 Sala Fabio Quevedo Sala Fabio Quevedo 04/07/2014 Instituto 39000.00   LB-551.6354 I193e 034463 04/07/2014 Ej. 2 04/07/2014 Canje Libro